| Tag |
First Indicator |
Second Indicator |
Subfields |
| LEADER |
00000cam a2200000 a 4500 |
| 001 |
in00000013479 |
| 005 |
20151007052500.0 |
| 008 |
850828s1985 caua b 00010 eng d |
| 010 |
|
|
|a 84072544
|
| 035 |
|
|
|a (OCoLC)12432059
|
| 035 |
|
|
|9 AAA7968AM
|
| 040 |
|
|
|a NMN
|c NMN
|d VPI
|d TXA
|d UtOrBLW
|
| 049 |
|
|
|a TXAM
|c [A10940754]
|
| 050 |
|
4 |
|a QA13
|b .B74 1985
|
| 100 |
1 |
|
|a Brodinsky, Ben,
|d 1910-
|
| 245 |
1 |
0 |
|a Improving math & science education :
|b problems & solutions /
|c by Ben Brodinsky.
|
| 264 |
|
0 |
|a [Sacramento, Calif.] :
|b Produced by Education News Service for the American Association of School Administrators,
|c [1985]
|
| 264 |
|
4 |
|c ©1985
|
| 300 |
|
|
|a 92 pages :
|b illustrations ;
|c 28 cm.
|
| 336 |
|
|
|a text
|b txt
|2 rdacontent
|
| 337 |
|
|
|a unmediated
|b n
|2 rdamedia
|
| 338 |
|
|
|a volume
|b nc
|2 rdacarrier
|
| 490 |
1 |
|
|a AASA critical issues report
|
| 504 |
|
|
|a Includes bibliographies.
|
| 650 |
|
0 |
|a Education
|x Research.
|
| 650 |
|
0 |
|a Mathematics
|x Study and teaching.
|
| 650 |
|
0 |
|a Science
|x Study and teaching.
|
| 830 |
|
0 |
|a AASA critical issues series.
|
| 999 |
|
|
|a MARS
|
| 999 |
f |
f |
|s dfbeca91-b479-335d-8f13-346eb1ecdad2
|i b2027ad7-2b22-369c-b46d-4bd27866261a
|t 0
|
| 952 |
f |
f |
|p ric
|a Texas A&M University
|b Rellis Campus
|c Joint Library Facility
|d Remote Storage
|t 0
|e QA13 .B74 1985
|h Library of Congress classification
|i unmediated -- volume
|m A14810940754
|
| 998 |
f |
f |
|a QA13 .B74 1985
|t 0
|l Remote Storage
|